| 000 | 01633nam a22003857a 4500 | ||
|---|---|---|---|
| 001 | 906 | ||
| 005 | 20230713155954.0 | ||
| 008 | 230713b cb ||||| |||| 00| 0 eng d | ||
| 020 | _a9780763643126 | ||
| 020 | _a0763643122 | ||
| 040 |
_aTXN _cTXN _dUPZ _dBTCTA _dVP@ _dDLC _dDLC _beng |
||
| 050 | 0 | 0 |
_aPZ7.7.S643 _bTal 2008 |
| 082 | 0 | 0 |
_a741.5/973 _222 |
| 100 | 1 |
_aSmith, Matt _cillustrator. |
|
| 245 | 1 | 4 |
_aThe tale of Despereaux : _bthe graphic novel / _cadapted and illustrated by Matt Smith and David Tilton. |
| 260 |
_aSomerville, MA. : _bCandlewick Press, _c2008. |
||
| 300 |
_a126 pages : _bcolor illustrations ; _c22 cm. |
||
| 500 | _aBased on the book by Kate DiCamillo and on the motion picture screenplay. | ||
| 505 | _aZ | ||
| 520 | _a"Despereaux, a mouse, meets and falls in love with a princess, gets banished to the dungeon (from which no mouse has ever returned!), and is captured by a pack of hungry rats. Despereaux barely escapes with his life, but he honors his quest to act as a knight would--with bravery and courage in the face of danger." -- Back cover. | ||
| 521 |
_a1008 _bLexile |
||
| 521 |
_aZ
_bRaz-Plus |
||
| 650 | 0 |
_aMice _vJuvenile fiction. |
|
| 650 | 0 |
_aMice _vComic books, strips, etc. |
|
| 650 | 1 |
_aMice _vFiction. |
|
| 650 | 1 |
_aAdventure and adventurers _vFiction. |
|
| 650 | 1 | _aGraphic novels. | |
| 650 | 7 |
_aFairy tales. _2sears |
|
| 650 | 7 |
_aMice _vFiction. _2sears |
|
| 650 | 7 |
_aComic books, strips, etc. _2sears |
|
| 655 | 7 |
_aGraphic novels. _2lcgft |
|
| 700 | 1 | _aTilton, David. (illustrator) . | |
| 906 |
_a7 _bcbc _corignew _d2 _eepcn _f20 _gy-gencatlg |
||
| 942 |
_2ddc _cBK _n0 |
||
| 999 |
_c906 _d906 |
||